000 00817nam a2200253Ia 4500
003 OSt
005 20220923221019.0
006 a|||||r|||| 00| 0
007 ta
008 220922b |||||||| |||| 00| 0 hin d
024 _a193,789
037 _cTextual
040 _aARTS
_cARTS
_bhin
041 _2hin
_ahin
082 _aO152,3xN9, M7
100 _aतिवारी, सुरेन्द्र
245 0 _aकाला नवम्बर
246 _aKālā navambara
260 _aनयी दिल्ली
_b अभिव्यंजना प्रका0
_c1987
300 _a296पृ.
_ccm.
650 _aहिन्दी साहित्य
_9156264
942 _hO152,3xN9, M7
_cTEXL
_2CC
999 _c346210
_d346210